000 03376cam a2200349 4500500
005 20260208005613.0
041 _afre
042 _adc
100 1 0 _aPerrin, Cédric
_eauthor
245 0 0 _aPierre Loyer, itinéraire d’un technocrate réactionnaire de Vichy
260 _c2017.
500 _a63
520 _aPierre Loyer est l’homme qui a orchestré la politique artisanale du régime de Vichy. Après la guerre, la technocratie s’est imposée comme avant-garde de la modernisation, reléguant dans l’oubli d’autres possibles. Or, Pierre Loyer est un technocrate réactionnaire. Revenir sur son itinéraire permet de saisir cette particularité. Ingénieur catholique, Loyer parvient dès la fin des années 1920 à se construire un petite notoriété d’expert du monde de l’entreprise, partisan du corporatisme. Après 1934, il s’engage dans les ligues. Il devient l’une des plumes de l’extrême-droite catholique antisémite et antimaçonnique. En 1940, Jean Bichelonne le choisit pour diriger le Service de l’artisanat que Vichy vient de créer. Défenseur de la Révolution nationale chère au maréchal Pétain, il mène en même temps une politique d’encadrement autoritaire de l’artisanat qui conduit à un échec et à une rupture avec les artisans. Il engage également une politique de collaboration zélée et jusqu’au-boutiste avec l’occupant. Oublié en tant qu’expert après la guerre, il se recentre sur la religion. Son parcours illustre aussi celui de la droite traditionaliste catholique au xx e siècle.
520 _aPierre Loyer, itinerary of a reactionary technocrat of Vichy Pierre Loyer is the man who directed the artisanal policy of the Vichy regime. After the war, technocracy imposed itself as an avant-garde of modernization, causing all other approaches to be forgotten. But Pierre Loyer was a reactionary technocrat. Looking at his career allows the observer to understand this particularity. As a Catholic engineer, Loyer was able, from the end of the 1920s, to develop a small reputation as an expert in the business world, a partisan of corporatism. After 1934, he enrolled in the ligues. He became a writer for the Catholic, anti-Semitic and anti-Masonic extreme right. In 1940, Jean Bichelonne chose him to lead the Artisan Service which Vichy had just created. As a defender of the national revolution dear to Marshal Pétain, he led at the same time a policy of authoritarian direction of craftsmanship which resulted in failure and a rupture with artisans. He was equally involved in a policy of zealous collaboration with the occupying Germans. Forgotten as an expert after the war, he refocused his energies on religion. His career path illustrates that of the traditional Catholic right in the 20th century.
690 _aantimaçonnisme
690 _aantisémitisme
690 _aartisanat
690 _aDroite
690 _aréactionnaire
690 _atechnocratie
690 _aVichy
690 _aAnti-masonry
690 _aAntisemitism
690 _aArtisanat
690 _aFrance
690 _aReactionary
690 _aRight
690 _aTechnocracy
690 _aVichy
786 0 _nRevue historique | 681 | 1 | 2017-03-09 | p. 73-92 | 0035-3264
856 4 1 _uhttps://shs.cairn.info/revue-historique-2017-1-page-73?lang=fr&redirect-ssocas=7080
999 _c1652915
_d1652915